000 01292cam a22003497a 4500
003 CHAP
005 20220329135521.0
008 971013s1969 mx r 00010 spa d
010 _a37918
011 _a38890
035 _a43010
040 _cCHAP
090 _aFolleto 1343
100 0 0 _aQuintana Rodríguez, Rodolfo.
_993369
245 1 3 _aLa administración rural en extensión agrícola
_c/por Rodolfo Quintana Rodríguez
260 _aChapingo, Méx. :
_bDepartamento de Extensión Agrícola,
_c1969
300 _a11 p. :
_btablas
490 0 _aDepartamento de Extensión Agrícola. México. Boletín técnico
_v; 1
590 _aBATCH-UPD
_b10
_c20130110
_lUCH01
_h0232
590 _aBATCH-UPD
_b10
_c20130110
_lUCH01
_h1916
590 _aBATCH-UPD
_b10
_c20130409
_lUCH01
_h2256
590 _aBATCH-UPD
_b10
_c20130410
_lUCH01
_h1242
590 _aBATCH-UPD
_b10
_c20130914
_lUCH01
_h1142
590 _aCONVERSION
_b10
_c20130109
_lUCH01
_h1321
650 1 4 _aEmpresas agropecuarias.
_936649
650 1 4 _aExtensión agrícola.
_939144
830 0 _aDepartamento de Extensión Agrícola. México. Boletín técnico
_v; 1
_931830
901 _aBK
942 _cFOLL
949 _aFolleto 1343
_bBC
_cFOLL
_d-98825
_eTS1
_i43010
_si
949 _aFolleto 1343
_bBC
_cFOLL
_d-98826
_eTS2
_fc.2
_i43010
_si
999 _c37918
_d37918